| 000 | 00541nam a2200181Ia 4500 | ||
|---|---|---|---|
| 001 | 9588 | ||
| 005 | 20260306161729.0 | ||
| 008 | 260306t1990||||xx |||||||||||||| ||spa|| | ||
| 041 | _aESP | ||
| 082 |
_a382.30985 _bY81 |
||
| 100 |
_aYrigoyen Díaz, José Alberto, 1963- _eAUT |
||
| 245 | 0 | _aAnálisis interpretativo comparativo sobre leyes de promoción al comercio exterior y su aplicación en la realidad peruana | |
| 260 | _c1990 | ||
| 300 |
_a206, 1 páginas : _c21 cm. |
||
| 650 | _aGEN | ||
| 654 | _aCAN | ||
| 942 |
_cLIB _dJUS _fJUS _2ddc _n |
||
| 999 |
_c9588 _d9588 |
||